Loading...
| Mythology | 6 | 0 | 1 | 0 | 85 | 48 | 54.83 | 1 | 4 | 39.52 | 51.39 |
| Literature - American | 0 | 4 | 1 | 1 | 35 | 87 | 113.75 | 0 | 2 | 8.79 | 23.61 |
| Fine Arts - Painting and Sculpture | 1 | 2 | 0 | 0 | 35 | 48 | 79.00 | 0 | 2 | 14.21 | 25.00 |
| Literature - World | 1 | 2 | 1 | 0 | 30 | 22 | 68.33 | 1 | 2 | 17.85 | 27.78 |
| History - European | 1 | 0 | 0 | 0 | 15 | 65 | 65.00 | 0 | 0 | 5.47 | 5.56 |
| Other Academic | 0 | 1 | 0 | 0 | 10 | 82 | 82.00 | 0 | 0 | 13.81 | 16.67 |
| Philosophy | 0 | 1 | 0 | 0 | 10 | 82 | 82.00 | 0 | 1 | 4.41 | 6.94 |
| Religion | 1 | 0 | 1 | 0 | 10 | 14 | 14.00 | 1 | 1 | 9.93 | 11.11 |
| Science - Other | 0 | 1 | 0 | 0 | 10 | 102 | 102.00 | 0 | 1 | 2.30 | 9.38 |
| Social Science | 0 | 1 | 0 | 0 | 10 | 82 | 82.00 | 0 | 0 | 2.90 | 2.78 |
| Literature - European | 0 | 1 | 0 | 1 | 10 | 122 | 122.00 | 0 | 0 | 2.01 | 6.94 |
| Literature - British | 0 | 1 | 2 | 0 | 0 | 106 | 106.00 | 0 | 1 | 2.51 | 8.33 |